Estadísticas para Países que Terminan en "IA" por Pista

Haz click aquí para intentar la prueba.

Estadísticas generales

  • Esta prueba ha sido intentada 1.659 veces
  • La puntuación promedio es 11 de 17

Estadísticas de respuestas

PistaRespuesta% Correcto
Un país sin litoral de América del SurBolivia
95%
Limita con VenezuelaColombia
95%
Se separó con la República Checa en 1993Eslovaquia
81%
Limita con Corea del NorteRusia
78%
El país más grande por área en África.Argelia
77%
El país más oriental del continente africano.Somalia
73%
El más grande y poblado de los países de la ex YugoslaviaSerbia
72%
Su costa alberga el ecosistema de arrecifes de coral más extenso del mundo.Australia
70%
Su nombre comienza con "Santa"Santa Lucía
70%
Se encuentra en estado de guerra civil desde 2011.Siria
65%
La más septentrional de las "Repúblicas Bálticas"Estonia
52%
Tiene más volcanes activos que cualquier otro país.Indonesia
51%
Al otro lado del Adriático desde el "talón" de ItaliaAlbania
49%
Controla la mayor parte de la costa norte de Borneo.Malasia
42%
El 30% de la población es nómada o seminómada.Mongolia
41%
Su población en rápido crecimiento superó los 100 millones en 2016.Etiopía
26%
Es el lugar de nacimiento de San Nicolás, quien es la base del personaje de Papá Noel.Turquía
17%

Distribución de puntuación

Porcentaje por número respondido

Porcentaje de gente con cada puntuación

Historial de tus puntuaciones

No has intentado esta prueba.